00838nam a2200277 a 450000100060000000300080000600500170001400800410003102000350007203500190010704000320012604100080015804200080016604300120017408200220018610000190020824500800022725000120030726000410031930000600036050400530042065000140047365000310048770000220051870000200054077155BD-RjUL20211209082931.0200227s2006 maua b 001 0 eng d a0072973587 (pbk. : alk. paper) a(BD-RjUL)77379 aDLCcDLCdDLCdBD-RjULbeng aeng apcc an-us---00a650222bFEB 20061 aFerrell, O. C.10aBusiness :ba changing world /cO.C. Ferrell, Geoffrey Hirt, Linda Ferrell. a5th ed. aBoston :bMcGraw-Hill/Irwin,cc2006. axxxiv, 506, G-13, N-16, I-12 p. :bcol. ill. ;c26 cm.  aIncludes bibliographical references and indexes. 0aBusiness. 0aManagementzUnited States.1 aHirt, Geoffrey A.1 aFerrell, Linda.